[Event "15th European Club Cup Women"]
[Site "Plovdiv BUL"]
[Date "2010.10.19"]
[Round "3"]
[White "Sharevich, Anna"]
[Black "Gaponenko, Inna"]
[Result "1/2-1/2"]
[WhiteTitle "WGM"]
[BlackTitle "IM"]
[WhiteElo "2283"]
[BlackElo "2469"]
[Board "4.2"]
[WhiteTeam "USV Volksbank Halle"]
[BlackTeam "BAS Beograd"]
[WhiteFideId "13503189"]
[BlackFideId "14101181"]
[EventDate "2010.10.17"]
[EventType "team"]

1. d4 Nf6 2. c4 e6 3. g3 c5 4. d5 exd5 5. cxd5 b5 6. e4 Nxe4 7. Qe2 Qe7 8. Bg2
f5 9. Nh3 b4 10. Be3 g6 11. Qc2 Bg7 12. Nd2 d6 13. O-O Nd7 14. Rfe1 O-O 15. Nxe4
fxe4 16. Ng5 Nf6 17. Bf4 Bf5 18. Nxe4 Rae8 19. Bg5 Qf7 20. Bxf6 Bxe4 21. Bxe4
Qxf6 22. Rab1 c4 23. Re2 c3 24. b3 Qd4 25. Rbe1 Re5 26. Rd1 Qc5 27. Kg2 Rfe8 28.
f3 Bh6 29. f4 R5e7 30. h4 Qc8 31. Rde1 Qg4 32. Bf3 Rxe2+ 33. Rxe2 Rxe2+ 34. Qxe2
Qf5 35. Be4 Qf6 36. Bc2 Bf8 37. Qe4 Qe7 38. Qd3 Qe1 39. h5 Qd2+ 40. Qxd2 cxd2
41. hxg6 hxg6 42. Kf3 Bh6 43. Ke3 g5 44. f5 Kf7 45. Kxd2 Kf6 46. Ke3 Ke5 47. g4
Kxd5 48. f6 1/2-1/2

[Event "15th European Club Cup Women"]
[Site "Plovdiv BUL"]
[Date "2010.10.19"]
[Round "3"]
[White "Chelushkina, Irina"]
[Black "Straub, Natalia"]
[Result "1-0"]
[WhiteTitle "WGM"]
[BlackTitle "WGM"]
[WhiteElo "2325"]
[BlackElo "2224"]
[Board "4.3"]
[WhiteTeam "BAS Beograd"]
[BlackTeam "USV Volksbank Halle"]
[WhiteFideId "928615"]
[BlackFideId "14102757"]
[EventDate "2010.10.17"]
[EventType "team"]

1. g3 Nf6 2. Bg2 g6 3. e4 d6 4. Ne2 c5 5. O-O Bg7 6. c3 O-O 7. d4 cxd4 8. cxd4
Nc6 9. Nbc3 Bd7 10. h3 a6 11. f4 Rc8 12. Be3 b5 13. e5 Ne8 14. g4 Na5 15. Bf2
Bc6 16. Bxc6 Nxc6 17. a4 b4 18. Ne4 d5 19. Nc5 a5 20. f5 Nb8 21. Nf4 Nd7 22. Nb7
Qb6 23. Nxd5 Qxb7 24. Nxe7+ Kh8 25. Nxc8 Qxc8 26. f6 Ndxf6 27. exf6 Nxf6 28. Qf3
Qd7 29. Rac1 Qxa4 30. Rc6 Nd7 31. Qd5 Nf6 32. Qf3 Nd7 33. Re1 b3 34. Re7 Nb8 35.
Rcc7 Bxd4 1-0

[Event "15th European Club Cup Women"]
[Site "Plovdiv BUL"]
[Date "2010.10.19"]
[Round "3"]
[White "Jahn, Constanze"]
[Black "Vasilevich, Tatjana"]
[Result "0-1"]
[WhiteTitle "WIM"]
[BlackTitle "IM"]
[WhiteElo "2152"]
[BlackElo "2399"]
[Board "4.4"]
[WhiteTeam "USV Volksbank Halle"]
[BlackTeam "BAS Beograd"]
[WhiteFideId "4612450"]
[BlackFideId "14101610"]
[EventDate "2010.10.17"]
[EventType "team"]

1. e4 c5 2. Nc3 e6 3. f4 a6 4. Nf3 d5 5. d3 Nf6 6. e5 Nfd7 7. f5 Be7 8. g3 exf5
9. Nxd5 Nxe5 10. Nxe7 Qxe7 11. Nxe5 Qxe5+ 12. Be2 O-O 13. O-O Nc6 14. c3 Be6 15.
Bf4 Qd5 16. Bf3 Qd7 17. Be3 b6 18. d4 cxd4 19. Bxc6 Qxc6 20. Bxd4 b5 21. Qd2 f6
22. a3 Rae8 23. Rae1 Bc8 24. Qg2 Qd7 25. h4 Bb7 26. Qf2 Qc6 27. Kh2 Kf7 28. Re2
Rxe2 29. Qxe2 Re8 30. Qd2 Qd5 31. Rg1 Qf3 32. Qf4 Re2+ 33. Kh3 h5 34. Qxf3 Bxf3
35. g4 fxg4+ 36. Kg3 Rxb2 37. Kf4 Rh2 38. Re1 Rxh4 39. Bc5 Rh3 40. Kf5 g6+ 41.
Kf4 Bc6 0-1

[Event "15th European Club Cup Women"]
[Site "Plovdiv BUL"]
[Date "2010.10.19"]
[Round "3"]
[White "Socko, Monika"]
[Black "Botvinnik, Irina"]
[Result "1/2-1/2"]
[WhiteTitle "GM"]
[BlackTitle "WFM"]
[WhiteElo "2486"]
[BlackElo "2216"]
[Board "5.1"]
[WhiteTeam "SPb Chess Club"]
[BlackTeam "Herzliya Chess Club"]
[WhiteFideId "1106619"]
[BlackFideId "2806088"]
[EventDate "2010.10.17"]
[EventType "team"]

1. e4 c5 2. Nf3 e6 3. d4 cxd4 4. Nxd4 Nc6 5. Nc3 Qc7 6. Be3 a6 7. a3 Nf6 8. Be2
Be7 9. O-O d6 10. Kh1 O-O 11. f4 Bd7 12. Qe1 Na5 13. Rd1 Nc4 14. Bxc4 Qxc4 15.
e5 Ng4 16. Bc1 Qc7 17. Qg3 f5 18. exf6 Nxf6 19. Rfe1 e5 20. fxe5 dxe5 21. Nf3
Bd6 22. Bg5 Bc6 23. Nh4 Rae8 24. Nf5 Bc5 25. Be3 Nh5 26. Qg4 Bxe3 27. Qc4+ Kh8
28. Nxe3 Qb6 29. Qb4 Qxb4 30. axb4 Nf4 31. Kg1 Re6 32. Ned5 Rg6 1/2-1/2

[Event "15th European Club Cup Women"]
[Site "Plovdiv BUL"]
[Date "2010.10.19"]
[Round "3"]
[White "Len, Irina"]
[Black "Arakhamia-Grant, Ketevan"]
[Result "0-1"]
[BlackTitle "GM"]
[WhiteElo "2065"]
[BlackElo "2451"]
[Board "5.2"]
[WhiteTeam "Herzliya Chess Club"]
[BlackTeam "SPb Chess Club"]
[WhiteFideId "2805715"]
[BlackFideId "13600168"]
[EventDate "2010.10.17"]
[EventType "team"]

1. d4 Nf6 2. c4 g6 3. Nc3 Bg7 4. e4 d6 5. f3 O-O 6. Be3 Nbd7 7. Qd2 c5 8. Nge2
a6 9. Rd1 Qa5 10. Ng3 cxd4 11. Bxd4 Rb8 12. Be2 b5 13. cxb5 axb5 14. Nd5 Qxd2+
15. Rxd2 Nxd5 16. Bxg7 Kxg7 17. Rxd5 b4 18. Rb5 Rxb5 19. Bxb5 Nc5 20. a3 bxa3
21. bxa3 Be6 22. O-O Ra8 23. a4 Nxa4 24. Ra1 Nb6 25. Rb1 Nc4 26. Bxc4 Bxc4 27.
Rb7 Kf6 28. e5+ Kxe5 29. Rxe7+ Be6 30. Rb7 Ra1+ 31. Kf2 Ra2+ 32. Kg1 d5 33. Rb1
Kd4 34. Rd1+ Kc4 35. Nf1 d4 36. Nd2+ Rxd2 37. Rxd2 Kc3 38. Rd1 Bb3 39. Ra1 Kb2
40. Ra8 d3 41. Rd8 Kc2 42. Rc8+ Kd1 43. Kf2 d2 44. Rc7 Bc2 45. Rxf7 Kc1 46. Rd7
d1=Q 47. Rxd1+ Kxd1 48. Ke3 Ke1 49. g4 Kf1 50. h4 Kg2 51. h5 Kg3 52. Kd2 Bb1 53.
hxg6 hxg6 54. Ke3 g5 0-1

[Event "15th European Club Cup Women"]
[Site "Plovdiv BUL"]
[Date "2010.10.19"]
[Round "3"]
[White "Atalik, Ekaterina"]
[Black "Yakovleva, Tatiana"]
[Result "1-0"]
[WhiteTitle "IM"]
[WhiteElo "2447"]
[BlackElo "2124"]
[Board "5.3"]
[WhiteTeam "SPb Chess Club"]
[BlackTeam "Herzliya Chess Club"]
[WhiteFideId "4130189"]
[BlackFideId "2802449"]
[EventDate "2010.10.17"]
[EventType "team"]

1. d4 Nf6 2. c4 e6 3. Nc3 d5 4. Bg5 c6 5. e3 Nbd7 6. a3 dxc4 7. Bxc4 Qa5 8. Bh4
Ne4 9. Ne2 Nb6 10. Bd3 Nxc3 11. bxc3 Bd6 12. Bg3 Bxg3 13. hxg3 g6 14. f4 Bd7 15.
Kf2 f5 16. c4 c5 17. g4 Na4 18. Rb1 cxd4 19. exd4 Nc3 20. Qe1 Ne4+ 21. Bxe4
Qxe1+ 22. Rhxe1 fxe4 23. Rxb7 O-O 24. Rxd7 1-0

[Event "15th European Club Cup Women"]
[Site "Plovdiv BUL"]
[Date "2010.10.19"]
[Round "3"]
[White "Lian, Marina"]
[Black "Bodnaruk, Anastasia"]
[Result "0-1"]
[BlackTitle "IM"]
[WhiteElo "1865"]
[BlackElo "2399"]
[Board "5.4"]
[WhiteTeam "Herzliya Chess Club"]
[BlackTeam "SPb Chess Club"]
[WhiteFideId "2809680"]
[BlackFideId "4181751"]
[EventDate "2010.10.17"]
[EventType "team"]

1. e4 c5 2. f4 Nc6 3. Nf3 g6 4. Nc3 Bg7 5. Bc4 d6 6. d3 e6 7. O-O Nge7 8. Qe1
O-O 9. Qh4 d5 10. Bb3 Nd4 11. f5 exf5 12. Bg5 f6 13. Bh6 Nxb3 14. Bxg7 Kxg7 15.
axb3 Be6 16. Rae1 Nc6 17. exf5 Bxf5 18. g4 g5 19. Qg3 Bg6 20. h4 h6 21. Rf2 Qd7
22. Rfe2 Rae8 23. h5 Bf7 24. Nd1 Rxe2 25. Rxe2 Re8 26. Ne3 Be6 27. Rf2 d4 28.
Nf5+ Bxf5 29. gxf5 Re3 30. Qg4 Qd6 31. Kf1 Nb4 32. Nd2 Nxc2 33. Ne4 Re1+ 34. Kg2 0-1

[Event "15th European Club Cup Women"]
[Site "Plovdiv BUL"]
[Date "2010.10.19"]
[Round "3"]
[White "Nikolova, Adriana"]
[Black "Borosova, Zuzana"]
[Result "0-1"]
[WhiteTitle "WIM"]
[BlackTitle "WIM"]
[WhiteElo "2295"]
[BlackElo "2277"]
[Board "6.1"]
[WhiteTeam "Lokomotiv 2000"]
[BlackTeam "KSC Komarno"]
[WhiteFideId "2908689"]
[BlackFideId "14905779"]
[EventDate "2010.10.17"]
[EventType "team"]

1. e4 e5 2. Nf3 Nc6 3. Bb5 a6 4. Ba4 Nf6 5. O-O Be7 6. Re1 b5 7. Bb3 O-O 8. h3
Bb7 9. d3 d6 10. a4 h6 11. Nc3 Na5 12. Ba2 b4 13. Ne2 c5 14. Ng3 b3 15. Bxb3
Nxb3 16. cxb3 a5 17. Bd2 Bc8 18. Bc3 Be6 19. Nd2 Qc7 20. Rc1 Rfc8 21. Nc4 Nd7
22. Nf1 Nf8 23. Kh2 Ng6 24. g3 Bd8 25. Nfe3 Qd7 26. h4 Rcb8 27. Rg1 Ra6 28. h5
Nf8 29. f4 f6 30. Bd2 Qb7 31. Rc3 Bc7 32. Qf3 Rd8 33. Nd5 Bxd5 34. exd5 Qc8 35.
Ne3 Qd7 36. fxe5 fxe5 37. Nf5 Nh7 38. Qg4 Kh8 39. Rf1 Raa8 40. Qe2 Rf8 41. g4
Rab8 42. Rg1 Bd8 43. Be1 Rb4 44. Rc4 Rxb3 45. Bc3 Bg5 46. Bxa5 Nf6 47. Bc3 Nxd5
48. a5 Bf4+ 49. Kh1 Nxc3 50. Rxc3 Qc6+ 51. Qg2 Rxb2 52. Ne7 Rxg2 53. Rxg2 Qf3
54. Ng6+ Kg8 55. Nxf4 Qxf4 0-1

[Event "15th European Club Cup Women"]
[Site "Plovdiv BUL"]
[Date "2010.10.19"]
[Round "3"]
[White "Edes, Zsofia"]
[Black "Videnova, Iva"]
[Result "0-1"]
[BlackTitle "WIM"]
[WhiteElo "2065"]
[BlackElo "2283"]
[Board "6.2"]
[WhiteTeam "KSC Komarno"]
[BlackTeam "Lokomotiv 2000"]
[WhiteFideId "14912368"]
[BlackFideId "2907763"]
[EventDate "2010.10.17"]
[EventType "team"]

1. d4 Nf6 2. c4 e6 3. Nc3 Bb4 4. Qc2 O-O 5. a3 Bxc3+ 6. Qxc3 d6 7. Bg5 Nbd7 8.
e3 b6 9. Bd3 h6 10. Bh4 Ba6 11. Ne2 c5 12. Rc1 Rc8 13. Qb3 e5 14. Bf5 Rc7 15.
Bxd7 Rxd7 16. Bxf6 Qxf6 17. d5 e4 18. Qc3 Qd8 19. a4 Bc8 20. b4 cxb4 21. Qxb4
Rc7 22. O-O Rc5 23. Nc3 Re8 24. Nb5 a5 25. Qb3 Re5 26. Nd4 Rh5 27. g3 Qd7 28. f4
exf3 29. Rxf3 Qc7 30. Rcf1 f6 31. Nb5 Qd8 32. Rb1 Bf5 33. Rxf5 Rxf5 34. Nd4 Re5
35. Ne6 Rxe6 36. dxe6 Qe8 37. Qd3 Qxe6 38. Rxb6 Qxc4 39. Rb8+ Kf7 40. Qxd6 Qc1+
41. Kg2 Rc2+ 42. Kh3 Qf1+ 43. Kh4 g5+ 0-1

[Event "15th European Club Cup Women"]
[Site "Plovdiv BUL"]
[Date "2010.10.19"]
[Round "3"]
[White "Sirkova, Darena"]
[Black "Kral, Klaudia"]
[Result "1-0"]
[WhiteElo "2094"]
[BlackElo "1806"]
[Board "6.3"]
[WhiteTeam "Lokomotiv 2000"]
[BlackTeam "KSC Komarno"]
[WhiteFideId "2910560"]
[BlackFideId "14900084"]
[EventDate "2010.10.17"]
[EventType "team"]

1. e4 c5 2. Nf3 e6 3. d4 cxd4 4. Nxd4 Nf6 5. Nc3 d6 6. g4 h6 7. h3 Nc6 8. Be3 a6
9. Bg2 Be7 10. Qe2 Qc7 11. O-O-O Ne5 12. Kb1 Rb8 13. f4 Nc4 14. Bc1 b5 15. Ka1
Bb7 16. g5 hxg5 17. fxg5 Nd7 18. g6 Bf6 19. gxf7+ Kxf7 20. Rhf1 Nde5 21. Bg5 Ke7
22. Bxf6+ gxf6 23. Qf2 Rbf8 24. Nce2 Nc6 25. Nf4 Nb4 26. c3 Nc6 27. Ndxe6 Qa5
28. Nxf8 Rxf8 29. Ng6+ Kd7 30. Nxf8+ Kc7 31. Qxf6 1-0

[Event "15th European Club Cup Women"]
[Site "Plovdiv BUL"]
[Date "2010.10.19"]
[Round "3"]
[White "Kralova, Katarina"]
[Black "Janeva, Mariya"]
[Result "1-0"]
[WhiteElo "1861"]
[BlackElo "2042"]
[Board "6.4"]
[WhiteTeam "KSC Komarno"]
[BlackTeam "Lokomotiv 2000"]
[WhiteFideId "14927330"]
[BlackFideId "2906554"]
[EventDate "2010.10.17"]
[EventType "team"]

1. d4 Nf6 2. c4 e6 3. Nf3 b6 4. g3 Bb7 5. Bg2 Be7 6. Nc3 O-O 7. O-O d6 8. Qc2
Nbd7 9. Rd1 Qb8 10. e4 e5 11. d5 a5 12. b3 Nc5 13. Be3 Nfd7 14. a3 Qe8 15. Nb5
Bd8 16. Ne1 f5 17. exf5 Qh5 18. b4 axb4 19. axb4 Rxa1 20. Rxa1 Na6 21. Ra4 Qxf5
22. Qxf5 Rxf5 23. Bh3 g6 24. Bxf5 gxf5 25. Nc2 Nf8 26. f3 Ng6 27. Bxb6 Bg5 28.
Nxc7 Nxc7 29. Bxc7 e4 30. fxe4 fxe4 31. Ra7 Bc8 32. Ra8 Ne7 33. Bxd6 1-0

[Event "15th European Club Cup Women"]
[Site "Plovdiv BUL"]
[Date "2010.10.19"]
[Round "3"]
[White "Khachatourian, Yerazik"]
[Black "Borsuk, Angela"]
[Result "1/2-1/2"]
[BlackTitle "IM"]
[WhiteElo "2025"]
[BlackElo "2270"]
[Board "7.1"]
[WhiteTeam "Oslo Schakselkap"]
[BlackTeam "Ashdod Elite CC"]
[WhiteFideId "12501948"]
[BlackFideId "2806452"]
[EventDate "2010.10.17"]
[EventType "team"]

1. e4 d6 2. f4 g6 3. d4 Bg7 4. Be3 Nf6 5. Nc3 O-O 6. Be2 c6 7. g4 b5 8. g5 Nfd7
9. Nf3 b4 10. Na4 Qa5 11. b3 c5 12. Nb2 Qc7 13. Nc4 Bb7 14. d5 Bc3+ 15. Kf2 Bxa1
16. Qxa1 e6 17. Bc1 exd5 18. exd5 Bxd5 19. Ne3 Be6 20. h4 d5 21. h5 d4 22. Ng2
Nc6 23. Bd2 Nb6 24. Qg1 Bg4 25. f5 Bxf5 26. Bf4 Qe7 27. Qh2 d3 28. Bxd3 Bxd3 29.
cxd3 Rfe8 30. hxg6 fxg6 31. Ne3 Nd4 32. Ne5 Ne6 33. N3g4 Nxg5 34. Bxg5 Rf8+ 35.
Nf3 Rxf3+ 36. Kxf3 Rf8+ 37. Nf6+ Rxf6+ 38. Bxf6 Qxf6+ 39. Qf4 Qc6+ 40. Qe4 Qf6+
41. Qf4 Qc6+ 42. Qe4 Qf6+ 43. Qf4 Qc6+ 1/2-1/2

[Event "15th European Club Cup Women"]
[Site "Plovdiv BUL"]
[Date "2010.10.19"]
[Round "3"]
[White "Vasiliev, Olga"]
[Black "Johnsen, Sylvia"]
[Result "1-0"]
[WhiteTitle "WIM"]
[BlackTitle "WFM"]
[WhiteElo "2293"]
[BlackElo "2030"]
[Board "7.2"]
[WhiteTeam "Ashdod Elite CC"]
[BlackTeam "Oslo Schakselkap"]
[WhiteFideId "2807602"]
[BlackFideId "1500988"]
[EventDate "2010.10.17"]
[EventType "team"]

1. e4 c5 2. Nf3 e6 3. d4 cxd4 4. Nxd4 Nc6 5. Nc3 Qc7 6. g3 a6 7. Bg2 Nf6 8. O-O
b5 9. e5 Ng8 10. Nxc6 dxc6 11. Ne4 Bd7 12. Bf4 h5 13. h4 Be7 14. Qf3 O-O-O 15.
a4 b4 16. Rfd1 Be8 17. Bf1 Kb7 18. Qe2 Ra8 19. Qc4 a5 20. c3 Nh6 21. Nd6+ Bxd6
22. exd6 Qd8 23. cxb4 Bd7 24. b5 Ng4 25. Bg2 Qb6 26. Rd2 Rhc8 27. Rc1 e5 28.
Qxf7 exf4 29. Qxd7+ Kb8 30. Rxc6 1-0

[Event "15th European Club Cup Women"]
[Site "Plovdiv BUL"]
[Date "2010.10.19"]
[Round "3"]
[White "Reppen, Ellisiv"]
[Black "Tsifanskaya, Ludmila A"]
[Result "0-1"]
[BlackTitle "WIM"]
[WhiteElo "1954"]
[BlackElo "2143"]
[Board "7.3"]
[WhiteTeam "Oslo Schakselkap"]
[BlackTeam "Ashdod Elite CC"]
[WhiteFideId "1504959"]
[BlackFideId "2802368"]
[EventDate "2010.10.17"]
[EventType "team"]

1. e4 c5 2. Nf3 Nc6 3. d4 cxd4 4. Nxd4 Qb6 5. Be3 Qxb2 6. Nxc6 bxc6 7. Nd2 Qb8
8. Rb1 Qc7 9. Bd3 e5 10. O-O Nf6 11. f4 d6 12. h3 Be7 13. fxe5 dxe5 14. Nf3 O-O
15. Qe2 Nh5 16. Qf2 Nf4 17. Bc4 Be6 18. Nxe5 Nxh3+ 19. gxh3 Qxe5 20. Bf4 Qh5 21.
Bd3 Bxh3 22. Rfd1 Bc5 23. Be3 Qg4+ 24. Kh2 Bxe3 0-1

[Event "15th European Club Cup Women"]
[Site "Plovdiv BUL"]
[Date "2010.10.19"]
[Round "3"]
[White "Dotan, Valeria"]
[Black "Almer, Julia"]
[Result "0-1"]
[WhiteTitle "WFM"]
[WhiteElo "2104"]
[BlackElo "1908"]
[Board "7.4"]
[WhiteTeam "Ashdod Elite CC"]
[BlackTeam "Oslo Schakselkap"]
[WhiteFideId "2803607"]
[BlackFideId "1708848"]
[EventDate "2010.10.17"]
[EventType "team"]

1. d4 f5 2. c4 e6 3. g3 Nf6 4. Bg2 d5 5. Nh3 c6 6. Qc2 Bd6 7. O-O O-O 8. b3 Qe7
9. Bf4 b6 10. Nd2 Nbd7 11. Bxd6 Qxd6 12. Nf4 Ba6 13. Nf3 Ne4 14. Rfd1 Rac8 15.
Nd3 c5 16. dxc5 Ndxc5 17. Rac1 Qe7 18. Nde5 Rfd8 19. Qb2 dxc4 20. Rxd8+ Qxd8 21.
Nxc4 b5 22. Ne3 b4 23. Rd1 Qb6 24. Ne5 Nc3 25. N3c4 Nxd1 26. Nxb6 Nxb2 27. Nxc8
Bxc8 28. Kf1 Nd1 29. Nc6 Kf7 30. Nxb4 Nc3 31. Ke1 Kf6 32. Kd2 N5e4+ 33. Bxe4
Nxe4+ 34. Ke3 Bb7 35. f3 Nc3 36. Kd2 Nd5 37. Nd3 e5 38. Nc5 Bc6 39. e4 Nc7 40.
Ke3 Ne6 41. Nd3 g6 42. h4 fxe4 43. fxe4 Nd4 44. g4 h6 45. g5+ hxg5 46. hxg5+ Ke6
47. Ne1 Kd6 48. Ng2 Nc2+ 49. Kf3 Nb4 50. Nh4 Be8 51. a3 Nc2 52. Ke2 Nxa3 53. Kd3
Nb5 54. b4 Nd4 55. Kc3 Kc6 0-1

[Event "15th European Club Cup Women"]
[Site "Plovdiv BUL"]
[Date "2010.10.20"]
[Round "4"]
[White "Melia, Salome"]
[Black "Pogonina, Natalija"]
[Result "1/2-1/2"]
[WhiteTitle "IM"]
[BlackTitle "WGM"]
[WhiteElo "2439"]
[BlackElo "2491"]
[Board "1.3"]
[WhiteTeam "Samaia Tbilisi"]
[BlackTeam "AVS"]
[WhiteFideId "13602446"]
[BlackFideId "4147855"]
[EventDate "2010.10.17"]
[EventType "team"]

1. e4 e5 2. Nf3 Nc6 3. Bb5 a6 4. Ba4 Nf6 5. O-O b5 6. Bb3 Bb7 7. Re1 Bc5 8. c3
O-O 9. d4 Bb6 10. h3 d6 11. Be3 exd4 12. cxd4 Na5 13. d5 Bxe3 14. Rxe3 Nxb3 15.
Qxb3 c5 16. dxc6 Bxc6 17. Nc3 Re8 18. Rae1 Qb6 19. e5 dxe5 20. Nxe5 Qb7 21. Nxc6
Qxc6 22. Re7 Rxe7 23. Rxe7 Rf8 24. Qb4 Re8 25. Rxe8+ Qxe8 26. Qd6 Qc8 27. Kh2 h6
28. a3 Qf5 29. Kg1 Qc2 30. Qxa6 Qc1+ 31. Kh2 Qf4+ 1/2-1/2

[Event "15th European Club Cup Women"]
[Site "Plovdiv BUL"]
[Date "2010.10.20"]
[Round "4"]
[White "Muzychuk, Mariya"]
[Black "Khurtsidze, Nino"]
[Result "1/2-1/2"]
[WhiteTitle "IM"]
[BlackTitle "IM"]
[WhiteElo "2464"]
[BlackElo "2435"]
[Board "1.4"]
[WhiteTeam "AVS"]
[BlackTeam "Samaia Tbilisi"]
[WhiteFideId "14114550"]
[BlackFideId "13600320"]
[EventDate "2010.10.17"]
[EventType "team"]

1. c4 Nf6 2. Nc3 c5 3. Nf3 e6 4. g3 b6 5. Bg2 Bb7 6. O-O Be7 7. d4 cxd4 8. Qxd4
d6 9. Bg5 a6 10. Bxf6 Bxf6 11. Qf4 O-O 12. Rad1 Be7 13. Ne4 Bxe4 14. Qxe4 Ra7
15. Nd4 Qc8 16. b3 Qc5 17. a4 Rd8 18. Rd3 Qe5 19. Qf3 Rc7 20. Rfd1 Qc5 21. Qe3
g6 22. Qd2 Nd7 23. h3 Rdc8 24. Kh2 Nf6 25. e4 Ne8 26. f4 Bf6 27. Bf1 Bg7 28. Qe1
e5 29. Nc2 exf4 30. gxf4 Re7 31. Bg2 1/2-1/2

[Event "15th European Club Cup Women"]
[Site "Plovdiv BUL"]
[Date "2010.10.20"]
[Round "4"]
[White "Cmilyte, Viktorija"]
[Black "Koneru, Humpy"]
[Result "1/2-1/2"]
[WhiteTitle "GM"]
[BlackTitle "GM"]
[WhiteElo "2513"]
[BlackElo "2593"]
[Board "2.1"]
[WhiteTeam "SPb Chess Club"]
[BlackTeam "Cercle d'Echecs de Monte Carlo"]
[WhiteFideId "12801259"]
[BlackFideId "5008123"]
[EventDate "2010.10.17"]
[EventType "team"]

1. d4 d5 2. c4 e6 3. Nf3 Nf6 4. Nc3 Bb4 5. cxd5 exd5 6. Bg5 Nbd7 7. e3 c5 8.
dxc5 Qa5 9. Rc1 Bxc3+ 10. bxc3 O-O 11. Be2 Ne4 12. O-O Ndxc5 13. Be7 Re8 14.
Bxc5 Qxc5 15. c4 dxc4 16. Rxc4 Qe7 17. Qc2 Nd6 18. Rc7 Bf5 19. Qc1 Qd8 20. Rd1
Rc8 21. Rxc8 Qxc8 22. Qa3 Ne4 23. Rc1 Qb8 24. Nd4 Bd7 25. Bf3 Nf6 26. h3 h6 27.
Qb3 b6 28. Nc6 Bxc6 29. Rxc6 Rc8 30. Qc3 Rxc6 31. Qxc6 Qe8 32. Qc2 Qe5 33. g3 g6
34. Kg2 Kg7 35. Qc6 h5 36. a4 Qe7 37. Qc3 Kg8 38. Bc6 Ne4 39. Qd4 Nc5 40. h4 Ne6
41. Qe5 Qc7 42. Qe4 Nc5 43. Qe8+ Kg7 44. e4 Nd3 45. Bd5 Ne1+ 46. Kf1 Nf3 47. Kg2
Ne1+ 48. Kf1 1/2-1/2

[Event "15th European Club Cup Women"]
[Site "Plovdiv BUL"]
[Date "2010.10.20"]
[Round "4"]
[White "Hou, Yifan"]
[Black "Socko, Monika"]
[Result "1/2-1/2"]
[WhiteTitle "GM"]
[BlackTitle "GM"]
[WhiteElo "2578"]
[BlackElo "2486"]
[Board "2.2"]
[WhiteTeam "Cercle d'Echecs de Monte Carlo"]
[BlackTeam "SPb Chess Club"]
[WhiteFideId "8602980"]
[BlackFideId "1106619"]
[EventDate "2010.10.17"]
[EventType "team"]

1. e4 e6 2. d4 d5 3. Nc3 Bb4 4. e5 c5 5. a3 Bxc3+ 6. bxc3 Ne7 7. h4 Qa5 8. Bd2
Nbc6 9. Nf3 Qc7 10. h5 h6 11. Rh4 c4 12. Rf4 Bd7 13. Nh4 Nf5 14. Nxf5 exf5 15.
g3 Be6 16. Bh3 Qd7 17. Rh4 O-O-O 18. Kf1 Ne7 19. Qc1 Rdg8 20. Bg2 Kb8 21. a4 Ka8
22. Rh1 Rc8 23. Qa3 Rc6 24. Ke2 Rb6 25. Qa2 Rc8 26. Bc1 Ra6 27. Bf4 Rcc6 28.
Rhb1 Rcb6 29. Rxb6 Rxb6 30. Qa3 Qd8 31. Bf3 Nc6 32. Qc5 Ra6 33. Bc1 Ra5 34. Qa3
Qe7 35. Qb2 Qd7 36. Qb1 Ra6 37. Ra2 Ne7 38. Qb4 Rb6 39. Qc5 Rc6 40. Qa3 Ra6 41.
Ra1 Qd8 42. Kd1 Nc8 43. Qb4 Rb6 44. Qa3 Ra6 45. Rb1 Rb6 46. Rb4 a5 47. Rxb6 Nxb6
48. Bd2 Nc8 49. Bc1 b6 50. Qa2 Ka7 51. Ke2 Qe8 52. Qa3 Qd8 53. Qa2 Qe8 54. Qa3
Qd8 55. Qa2 1/2-1/2

[Event "15th European Club Cup Women"]
[Site "Plovdiv BUL"]
[Date "2010.10.20"]
[Round "4"]
[White "Arakhamia-Grant, Ketevan"]
[Black "Cramling, Pia"]
[Result "1/2-1/2"]
[WhiteTitle "GM"]
[BlackTitle "GM"]
[WhiteElo "2451"]
[BlackElo "2509"]
[Board "2.3"]
[WhiteTeam "SPb Chess Club"]
[BlackTeam "Cercle d'Echecs de Monte Carlo"]
[WhiteFideId "13600168"]
[BlackFideId "1700030"]
[EventDate "2010.10.17"]
[EventType "team"]

1. e4 c5 2. Nf3 Nc6 3. d4 cxd4 4. Nxd4 e6 5. Nc3 Qc7 6. Be3 a6 7. Qd2 Nf6 8.
O-O-O Be7 9. f3 b5 10. g4 O-O 11. Kb1 Ne5 12. Qe2 Bb7 13. g5 Nh5 14. Bc1 Ng6 15.
Rg1 Rac8 16. Rg4 Bb4 17. Bd2 Bd6 18. Be3 Bb4 19. Bd2 Be7 20. Be3 Rfe8 21. Qf2
Bb4 22. Nde2 Bf8 23. a3 f5 24. gxf6 Nxf6 25. Rg5 d5 26. Bb6 Qe7 27. Qe3 Nd7 28.
Ba7 dxe4 29. fxe4 Nde5 30. Nd4 Ba8 31. Nb3 Red8 32. Be2 Qf7 33. Rxd8 Rxd8 34.
Bd4 Nc4 35. Qf2 Qxf2 36. Bxf2 Be7 37. Rg3 Nge5 38. Bd4 Bf6 39. Bc5 Nd2+ 40. Nxd2
Rxd2 41. Kc1 Rd8 42. a4 Rc8 43. Ba3 Nc4 44. Bxc4 Rxc4 45. axb5 axb5 46. Nxb5
Rxe4 47. Nd6 Re1+ 48. Kd2 Rh1 49. Rb3 Rxh2+ 50. Kd1 Rh1+ 51. Ke2 Rh2+ 52. Kd1
Rh1+ 53. Ke2 Rh2+ 1/2-1/2

[Event "15th European Club Cup Women"]
[Site "Plovdiv BUL"]
[Date "2010.10.20"]
[Round "4"]
[White "Skripchenko, Almira"]
[Black "Atalik, Ekaterina"]
[Result "1/2-1/2"]
[WhiteTitle "IM"]
[BlackTitle "IM"]
[WhiteElo "2464"]
[BlackElo "2447"]
[Board "2.4"]
[WhiteTeam "Cercle d'Echecs de Monte Carlo"]
[BlackTeam "SPb Chess Club"]
[WhiteFideId "13900145"]
[BlackFideId "4130189"]
[EventDate "2010.10.17"]
[EventType "team"]

1. e4 e5 2. Nf3 Nc6 3. Nc3 Nf6 4. Bb5 Bb4 5. O-O O-O 6. d3 d6 7. Ne2 Ne7 8. c3
Ba5 9. Ng3 c6 10. Ba4 Ng6 11. d4 h6 12. Bc2 Re8 13. h3 Nf4 14. Be3 g5 15. Nh2
Bc7 16. Ng4 Nxg4 17. hxg4 d5 18. Re1 exd4 19. Bxd4 Be6 20. Nf5 Bxf5 21. exf5 Qd6
22. g3 c5 23. Be3 d4 24. cxd4 cxd4 25. gxf4 dxe3 26. Qxd6 exf2+ 27. Kxf2 Bxd6
28. fxg5 1/2-1/2